| 000 | 00710nam a2200229 a 4500 | ||
|---|---|---|---|
| 001 | 000047128 | ||
| 003 | DO-SdBNP | ||
| 005 | 20230417085937.0 | ||
| 007 | ta | ||
| 008 | 180417s2016 xxug 000 0 spa d | ||
| 020 | _a9790580290335 | ||
| 040 |
_aDO-SdBNP _bspa _cBNPHU |
||
| 082 | 4 |
_bS285do _222 |
|
| 100 | 1 |
_aScarfullery, Rafael _974923 |
|
| 245 | 1 | 0 |
_aDominican waltzes 1-30 : _bvalses dominicanos 1-30 for solo guitar / _cRafael Scarfullery. |
| 260 |
_aEstados Unidos : _bScarfullery Music, _c2016. |
||
| 300 |
_a86 p. : _bmúsica ; _c28 cm. |
||
| 500 | _aIncluye datos del autor | ||
| 500 | _aIncludes music & guitar tabs in separate sheets. | ||
| 590 | _aInventariado, 2018/LP | ||
| 942 |
_2ddc _cLBS1 |
||
| 999 |
_c46616 _d46616 |
||